The first folio of Shakespeare: The Norton facsimile
Este es un folio de obras de teatro de William Shakespeare, recopilación de comedias, historias y tragedias escritas por este gran escritor inglés. Es un facsímil, reproducción casi idéntica del libro original: The first folio of Shakespeare, preparadas por Charlton Hinman.
Enregistré dans:
| Auteur principal: | |
|---|---|
| Format: | Livre |
| Langue: | English |
| Publié: |
New York, Estados Unidos
W. W. Norton & Company, Inc.
1968
|
| Édition: | Primera edición |
| Sujets: | |
| Tags: |
Ajouter un tag
Pas de tags, Soyez le premier à ajouter un tag!
|
MARC
| LEADER | 00000nam a2200000Ia 4500 | ||
|---|---|---|---|
| 008 | 170316s9999 xx 000 0 eng d | ||
| 040 | |a cru BVZT | ||
| 090 | |a 820 S-5fi | ||
| 100 | |a Shakespeare, William |9 1748 | ||
| 245 | |a The first folio of Shakespeare: The Norton facsimile |c / William Shakespeare; Preparado por Charlton Hinman | ||
| 250 | |a Primera edición | ||
| 260 | |a New York, Estados Unidos | ||
| 260 | |b W. W. Norton & Company, Inc. | ||
| 260 | |c 1968 | ||
| 300 | |a 928 páginas | ||
| 520 | |a Este es un folio de obras de teatro de William Shakespeare, recopilación de comedias, historias y tragedias escritas por este gran escritor inglés. Es un facsímil, reproducción casi idéntica del libro original: The first folio of Shakespeare, preparadas por Charlton Hinman. | ||
| 650 | |a LITERATURA INGLESA |9 12 | ||
| 650 | |a EN IDIOMA INGLÉS |9 129 | ||
| 650 | |a OBRAS DE TEATRO |9 1749 | ||
| 650 | |a WILLIAM SHAKESPEARE |9 1750 | ||
| 650 | |a COMEDIAS |9 1270 | ||
| 650 | |a HISTORIAS |9 733 | ||
| 650 | |a TRAGEDIAS |9 1751 | ||
| 999 | |c 30997 |d 30997 | ||
| 942 | |c SALA |h 820 S-5fi |2 z | ||
